Teoría del campo electromagnético en ejercicios y problemas

Guardat en:
Dades bibliogràfiques
Autors principals: Govorkov, V. A (Autor), Kupalian, S. D (Autor)
Format: Llibre
Idioma:espanyol
Publicat: Ciudad de México Publicaciones Internacionales 1961
Matèries:
Etiquetes: Afegir etiqueta
Sense etiquetes, Sigues el primer a etiquetar aquest registre!

MARC

LEADER 00000nam a2200000 a 4500
001 UCH1831
003 CL-VaPUC
008 090514e19610000MX |||||||||||||||||spa|d
082 0 4 |a 539.2  |b GOV  |2 21 
100 0 |a Govorkov, V. A  |e author  |9 536380 
700 0 |a Kupalian, S. D  |e author  |9 536381 
245 1 0 |a Teoría del campo electromagnético en ejercicios y problemas 
300 |a 296 p 
942 |c BK 
945 |d 20090514 00:00:00  |a dcastane 
260 |a Ciudad de México  |b Publicaciones Internacionales  |c 1961 
650 7 |a CAMPOS ELECTRICOS  |2 CL-VaPUC  |9 536382 
650 0 |a Electromagnetismo   |9 260123 
650 7 |a CAMPOS MAGNETICOS  |2 CL-VaPUC  |9 536383 
650 7 |a MEDIOS CONDUCTORES  |2 CL-VaPUC  |9 536384 
583 |a last modification  |c 20090514 00:00:00  |k Rodrigo Vera 
999 |c 333728  |d 333726 
952 |0 0  |1 0  |4 0  |6 539_200000000000000_GOV_1961  |7 0  |8 A  |9 422328  |a BIBCUR  |b BIBCUR  |d 2019-11-22  |i 4543653  |l 1  |o 539.2 GOV 1961  |p 4543653  |r 2025-04-22  |s 2022-06-10  |w 2019-11-22  |y BK  |k FIS